000
00398nam a22001697a 4500
003
MPLRDC
005
20220104142836.0
008
210129b ||||| |||| 00| 0 eng d
082
_a
490.7 YCZ c.2
100
_a
伊吹卓著
245
_a
商场嬴家
_c
260
_a
_b
新文图书出版社
_c
1984
300
_b
平
490
_a
新文丛书系列
650
_a
942
_c
BK
_o
490.7 YCZ c.2
999
_c
34150
_d
34140